Adivinhas no jardim de infância (Registo nº 3924)

Detalhes MARC
000 -Etiqueta do registo
Cabeçalho 00760cam a2200277 4500
005 - Identificador da versão
Campo de controlo 20240813122048.0
010 ## - Número internacional normalizado dos livros (ISBN)
Número (ISBN) 9724306232
021 ## - Número do Depósito Legal
Código do país PT
Número 183675/02
100 ## - Dados gerais de processamento
Dados gerais de processamento 20030716d2003 d y0pory5003 ba
102 ## - Pais de publicação ou produção
País de publicação Portugal
101 0# - Língua de publicação
Língua do texto, banda sonora, etc. Português
106 ## - Campo de dados codificados: material textual
Dados codificados do material textual r
105 ## - Campo de dados codificados: livros
Dados codificados dos livros a z 000yy
215 ## - Descrição física 
Indicação específica da natureza do documento e extensão da espécie [42] p.
Outras indicações físicas il.
Dimensões 24 cm
200 1# - Titulo e menção de responsabilidade
Título próprio Adivinhas no jardim de infância
Primeira menção de responsabilidade Lourdes Custódio
Outras menções de responsabilidade il. José Cardoso Marques
225 1# - Colecção 
Título próprio da colecção Giroflé
210 ## - Publicação, Distribuição, etc. 
Lugar da edição, distribuição, etc. Porto
Nome do editor, distribuidor, etc. Ambar
Data da publicação, distribuição, etc. 2003
675 ## - Classificação Decimal Universal (CDU)
Notação 087.5
Edição BN
Língua da edição por
Notação 398.6
Edição BN
Língua da edição por
Notação 821.134.3-93"19"
Edição BN
Língua da edição por
702 #1 - Nome de autor-pessoa física (responsabilidade secundária)
Número de registo de entrada de autoridade 0000386
Palavra de ordem Marques
Outra parte do nome não tomada para palavra de ordem José Cardoso
Código de função Ilustrador / Técnico de desenho computorizado
700 #1 - Nome de autor-pessoa física (responsabilidade principal)
Número de registo de entrada de autoridade 0000385
Palavra de ordem Custódio
Outra parte do nome não tomada para palavra de ordem Lurdes
Datas 1960-
942 ## - Elementos de entrada adicionados (Koha)
Tipo de item no Koha Livro
Exemplares
Situação do levantamento Origin of item (home branch) (coded) Biblioteca de empréstimo Código de barras Cota Circulation type (not for loan) Tipo de documento Nota do exemplar Damaged status
  Biblioteca Escolar das Vendas Biblioteca Escolar das Vendas BEV885 8POR CUS   Livro Sem mensagem